000 00545nam a2200205Ia 4500
003 OSt
005 20250218091017.0
008 210210b1950 xxu||||| |||| 00| 0 eng d
040 _cAL
041 _aHindi
082 _a869/203
100 _aPREMCHAND
_dप्रेमचंद
_9200466
245 _aRam charcha
_bराम चर्चा
260 _aMaDras
_bDakshin Bharat Hindi Prachar Sabha
_c1950
650 _aRAm
_9200467
650 _acharcha
_9200468
690 _aHindi Fiction
_9200469
906 _a024001
942 _2ddc
_cBK
999 _c148966
_d148966